• 首页
  • 本馆介绍
  • 公告通知
  • 最新文献
  • 馆藏检索
  • 电子资源
  • 读者导购
  • 参考咨询
  • 我的图书馆
  • 登录
  • 详细信息显示
  • 放入我的书架
  • 预约/预借图书
  • 作者相关作品
  • 分类相关作品
  • 丛书相关作品
  • 出版社相关作品

书目信息

  • 表格格式
  • 工作单格式
  • 卡片格式
题名:
行政法与行政诉讼法教程
    
 
作者: 皮纯协 主编
分册:  
出版信息: 北京   中央广播电视大学出版社  2005
页数: 374页
开本: 24cm
丛书名:
单 册:
中图分类: D922.101
科图分类:
主题词: 行政法--中国--教材 , 行政诉讼法--中国--教材 , 行政法 , 行政诉讼法
电子资源:
ISBN: 978-7-304-02744-4
000 00835nam0 2200289 450
001 523
005 20140908080831.89
010    @a978-7-304-02744-4@dCNY31.00
100    @a20070327e20062005em y0chiy50 ea
101 0  @achi
102    @aCN@b110000
105    @ay z 000yy
106    @ar
200 1  @a行政法与行政诉讼法教程@f皮纯协主编
205    @a3版
210    @a北京@c中央广播电视大学出版社@d2005@h2006重印
215    @a374页@d24cm
300    @a教育部人才培养模式改革和开放教育试点法学教材
330    @a本书分为导论、行政法上的主体、行政行为、行政救济、行政诉讼五部分。
606 0  @a行政法@y中国@j教材
606 0  @a行政诉讼法@y中国@j教材
606 0  @a行政法
606 0  @a行政诉讼法
690    @aD922.101@v5
701  0 @a皮纯协@4主编
801  0 @aCN@bTANGWEI@c20140603
905    @b0842873-75@dD922.101@e1069=3@f3
    
    行政法与行政诉讼法教程/皮纯协主编.-3版.-北京:中央广播电视大学出版社,2005(2006重印)
    374页;24cm
    教育部人才培养模式改革和开放教育试点法学教材
    
    ISBN 978-7-304-02744-4:CNY31.00
    本书分为导论、行政法上的主体、行政行为、行政救济、行政诉讼五部分。
●
相关链接 在E读中查询图书 在五车中查询图书 在当当中查询图书 在豆瓣中查询图书


正题名:行政法与行政诉讼法教程     索取号:D922.101/1069=3         预约/预借

序号 登录号 条形码 馆藏地/架位号 状态 备注
1 0842873   208428735   第一样本阅览室/ [索取号:D922.101/1069=3] 在馆    
2 0842874   208428744   第一借阅区/ [索取号:D922.101/1069=3] 在馆    
3 0842875   208428753   密集书库-史法系/ [索取号:D922.101/1069=3] 在馆    
唐山师范学院图书馆 欢迎您!
大连网信软件有限公司© 版权所有